| 000 | 01129nam a22003617a 4500 | ||
|---|---|---|---|
| 001 | 0072235 | ||
| 003 | KOHA_MİRAKIL | ||
| 005 | 20260207005046.0 | ||
| 007 | ta | ||
| 008 | 241017b2023 tu |||gr||||#0|||0|tur | | ||
| 020 | _a9786052644317 | ||
| 040 |
_aTR-BiSEU _btur _cTR-BiSEU _erda |
||
| 041 | 0 | _atur | |
| 044 | _ctu | ||
| 050 |
_aKKX3790 _b.K63 2023 |
||
| 100 | 1 | _aKoca, Mahmut. | |
| 245 | 1 |
_aTürk ceza hukuku özel hükümler/ _cMahmut Koca ; Mahmut Koca İlhan Üzülmez. |
|
| 250 | _a9. Baskı | ||
| 264 | 1 |
_aAnkara : _bAdalet Yayınevi _c2023 |
|
| 300 | _a1243 sayfa; 26 cm. | ||
| 336 |
_ametin _btxt _2rdacontent |
||
| 337 |
_aaracısız _bn _2rdamedia |
||
| 338 |
_acilt _bnc _2rdacarrier |
||
| 490 | 1 |
_aAdalet Yayınevi Hukuk Yayınları Dizisi ; _v2017 |
|
| 500 | _aKaynakça var. | ||
| 650 | 0 |
_aÖzel hükümler. _9143651 |
|
| 650 | 0 |
_aCeza hukuku. _922821 |
|
| 650 | 0 |
_aÖzel hükümler--Ceza hukuku--Türkiye--Genel eserler. _9143563 |
|
| 650 | 0 |
_aCriminal Law--Turkey. _9143652 |
|
| 830 | 1 |
_aAdalet Yayınevi Hukuk Yayınları Dizisi ; _v2017 _981871 |
|
| 907 | _aHukuk | ||
| 942 |
_2lcc _cBK |
||
| 999 |
_c72989 _d72989 |
||